Administración metodología y evolución de las ideas (Registro nro. 2252)
[ vista simple ]
| 000 -LEADER | |
|---|---|
| fixed length control field | 01240 a2200193 4500 |
| 001 - CONTROL NUMBER | |
| control field | 32098 |
| 005 - DATE AND TIME OF LATEST TRANSACTION | |
| control field | 20260407155622.0 |
| 008 - FIXED-LENGTH DATA ELEMENTS--GENERAL INFORMATION | |
| fixed length control field | 260407a1976 arg spa d |
| 003 - CONTROL NUMBER IDENTIFIER | |
| control field | AR-UNSa-BCEJYS |
| 040 ## - CATALOGING SOURCE | |
| Original cataloging agency | AR-UNSa-BCEJYS |
| Language of cataloging | spa |
| Transcribing agency | AR-UNSa-BCEJYS |
| 080 ## - UNIVERSAL DECIMAL CLASSIFICATION NUMBER | |
| Universal Decimal Classification number | 658 |
| Common auxiliary subdivision | Administración de empresas. Organización comercial |
| 100 1# - MAIN ENTRY--PERSONAL NAME | |
| Personal name | Hermida, Jorge Alfredo |
| 245 10 - TITLE STATEMENT | |
| Title | Administración metodología y evolución de las ideas |
| 264 #1 - PRODUCTION, PUBLICATION, DISTRIBUTION, MANUFACTURE, AND COPYRIGHT NOTICE | |
| Place of production, publication, distribution, manufacture | Buenos Aires : |
| Name of producer, publisher, distributor, manufacturer | El Coloquio |
| Date of production, publication, distribution, manufacture, or copyright notice | 1976 |
| 300 ## - PHYSICAL DESCRIPTION | |
| Extent | 374 p. |
| Dimensions | 22 cm. |
| 505 ## - FORMATTED CONTENTS NOTE | |
| Formatted contents note | 1. La epistemología y la administración - 2. Posturas epitemológicas. Universo y contenidos científicos - 3. El método científico - 4. Metodología de aplicación a la administracón - 5. Fundamentos e introducción - 6. La escuela de administración científica - 7. La escuela de administración industrial y general - 8. La escuela neoclásica - 9. Las escuelas de relaciones humanas - 10. La escuela de sociología industrial y la escuela de administración de personal y relaciones industriales - 11. La escuela estructuralista- Teorías de la burocracia - 12. La escuela teoría de la organización - 13. La escuela de la teoría de los sistemas. |
| 590 ## - LOCAL NOTE (RLIN) | |
| Local note | niveau_biblio:m niveau_hierar:0 |
| 942 ## - ADDED ENTRY ELEMENTS (KOHA) | |
| Koha item type | |
| Withdrawn status | Lost status | Damaged status | Not for loan | Home library | Current library | Shelving location | Date acquired | Total checkouts | Full call number | Barcode | Date last seen | Price effective from | Koha item type |
|---|---|---|---|---|---|---|---|---|---|---|---|---|---|
| Biblioteca Prof. Eusebio Cleto del Rey | Biblioteca Prof. Eusebio Cleto del Rey | 07/04/2026 | 658 H554 | L12361 | 07/04/2026 | 07/04/2026 | Libro | ||||||
| Biblioteca Prof. Eusebio Cleto del Rey | Biblioteca Prof. Eusebio Cleto del Rey | 07/04/2026 | 658 H554 | L12362 | 07/04/2026 | 07/04/2026 | Libro |